| 000 | 00460 a2200181 4500 | ||
|---|---|---|---|
| 999 |
_c534391 _d534391 |
||
| 003 | NUST | ||
| 005 | 20200218122909.0 | ||
| 008 | 200218b ||||| |||| 00| 0 eng d | ||
| 020 | _a9695190898 | ||
| 038 | _aMSOHAIL | ||
| 082 | _a501 | ||
| 100 |
_aSmith,Wolfgang. _928524 |
||
| 245 |
_aCosmos and Transcendence. _cWolfgang Smith. |
||
| 260 |
_aLahore. _bSuhail Academy. _c2005. |
||
| 300 | _a168p. | ||
| 500 | _aHardcover. | ||
| 942 |
_aNBS _cBK _k501 SMI _2ddc |
||